Теоретическая механика ... Ч. 2: Кинематика и динамика (Запись № 13569998)
[ простой вид ]
| 000 -МАРКЕР | |
|---|---|
| контрольное поле | 01321nam2a2200241 4500 |
| 001 - ИДЕНТИФИКАТОР ЗАПИСИ | |
| контрольное поле | rc\2826392 |
| 005 - ИДЕНТИФИКАТОР ВЕРСИИ | |
| контрольное поле | 20260622133913.0 |
| 035 ## - ДРУГИЕ СИСТЕМНЫЕ НОМЕРА | |
| Идентификатор записи | (NLR Aleph) 006984543 |
| 100 ## - ДАННЫЕ ОБЩЕЙ ОБРАБОТКИ | |
| Данные общей обработки | 20110624d1930 |||y0rusy50 ca |
| 101 0# - ЯЗЫК РЕСУРСА | |
| Язык текста, звукозаписи и т.д. | русский |
| 102 ## - СТРАНА ПУБЛИКАЦИИ ИЛИ ПРОИЗВОДСТВА | |
| Страна публикации | Российская Федерация |
| 105 ## - ПОЛЕ КОДИРОВАННЫХ ДАННЫХ: ТЕКСТОВЫЕ МАТЕРИАЛЫ, МОНОГРАФИЧЕСКИЕ | |
| Кодированные данные о монографическом текстовом документе | a z ||||| |
| 200 1# - ЗАГЛАВИЕ И СВЕДЕНИЯ ОБ ОТВЕТСТВЕННОСТИ | |
| Основное заглавие | Кинематика и динамика |
| 210 ## - ПУБЛИКАЦИЯ, РАСПРОСТРАНЕНИЕ И ДР. | |
| Дата издания, распространения и т.д. | [1930] |
| 215 ## - ФИЗИЧЕСКАЯ ХАРАКТЕРИСТИКА | |
| Специфическое обозначение материала и объем | 190 с., [2] с. "Для заметок" |
| Другие сведения о физической характеристике | черт. |
| 461 #0 - УРОВЕНЬ НАБОРА | |
| Встроенное поле | 001rc\2826391 |
| -- | 2001#$aТеоретическая механика ...$fЖуковский, Н.Е., проф.$gПод ред. и с доп. преподавателей Высш. Моск. техн. уч-ща В.П. Ветчинкина и Н.Г. Ченцова$vЧ. 2 |
| -- | 700#1$aЖуковский$bН. Е.$gНиколай Егорович$f1847-1921$cспециалист в обл. аэродинамики$3RU\NLR\AUTH\7730089 |
| Системный номер (АБИС) связанной записи | 5565788 |
| Автор | Жуковский, Н. Е. (специалист в обл. аэродинамики ; 1847-1921) |
| Место публикации | Москва |
| Дата публикации | [1930] |
| Издание | 10-е изд. (5-е посмерт.) |
| Первые сведения об ответственности | Жуковский, Н.Е., проф. |
| Имя издателя, распространителя и т.д. | Гос. техн. изд-во |
| Заглавие | Теоретическая механика ... |
| Номер тома | Ч. 2 |
| 801 #0 - ИСТОЧНИК ЗАПИСИ | |
| Страна | Российская Федерация |
| Организация | NLR |
| Правила каталогизации | psbo |
| 801 #1 - ИСТОЧНИК ЗАПИСИ | |
| Страна | Российская Федерация |
| Организация | ELAR |
| Источник данных | rusmarc |
| 852 ## - МЕСТОНАХОЖДЕНИЕ И ШИФР ХРАНЕНИЯ | |
| Идентификатор организации | NLR |
| Шифр хранения (Call Number) | 31-19/24-2 |
| 942 ## - ДОПОЛНИТЕЛЬНЫЕ ЭЛЕМЕНТЫ ЗАПИСИ (АБИС) | |
| Тип экземпляра АБИС | Книга |
| 980 ## - КОЛЛЕКЦИЯ | |
| Название коллекции | Национальная библиография |
Нет доступных экземпляров.